Organizational Behavior and Management (Record no. 3219)

MARC details
000 -LEADER
fixed length control field 00356nam a2200145Ia 4500
008 - FIXED-LENGTH DATA ELEMENTS--GENERAL INFORMATION
fixed length control field 191201s2006 xx 000 0 und d
082 ## - DEWEY DECIMAL CLASSIFICATION NUMBER
Classification number 658.5
Item number IVO
100 ## - MAIN ENTRY--PERSONAL NAME
Personal name IVANCEVICH, John M
245 #0 - TITLE STATEMENT
Title Organizational Behavior and Management
250 ## - EDITION STATEMENT
Edition statement 7th
260 ## - PUBLICATION, DISTRIBUTION, ETC. (IMPRINT)
Place of publication, distribution, etc N.Delhi
Name of publisher, distributor, etc Tata Mc Graw Hill
Date of publication, distribution, etc 2006
300 ## - PHYSICAL DESCRIPTION
Extent 718
650 ## - SUBJECT ADDED ENTRY--TOPICAL TERM
Topical term or geographic name as entry element MBA
942 ## - ADDED ENTRY ELEMENTS (KOHA)
Source of classification or shelving scheme Dewey Decimal Classification
Koha item type Text Books
Holdings
Withdrawn status Lost status Source of classification or shelving scheme Damaged status Not for loan Collection code Home library Current library Date acquired Source of acquisition Cost, normal purchase price Bill Number Total Checkouts Full call number Acc. no. / Barcode Date last seen Date last borrowed Bill Date Koha item type
    Dewey Decimal Classification     MBA PIET C-LIBRARY PIET C-LIBRARY 14/09/2007 UDH, Delhi 295.00 1575 1 658.4 IVO 7865 02/07/2024 02/07/2024 31/08/2007 Text Books
    Dewey Decimal Classification     MBA PIET C-LIBRARY PIET C-LIBRARY 14/09/2007 UDH, Delhi 295.00 1575   658.4 IVO 7866 04/12/2019   31/08/2007 Text Books
    Dewey Decimal Classification     MBA PIET C-LIBRARY PIET C-LIBRARY 14/09/2007 UDH, Delhi 295.00 1575   658.4 IVO 7867 04/12/2019   31/08/2007 Text Books
    Dewey Decimal Classification     MBA PIET C-LIBRARY PIET C-LIBRARY 14/09/2007 UDH, Delhi 295.00 1575   658.4 IVO 7868 04/12/2019   31/08/2007 Text Books

Design & Developed by: PIET Central Library
R70 Miles Stone Pattikalyana Samalkha Panipat 132102
mail ID :- [email protected], Phone No:- 0180-2569700 Ex.216